000 00369nam a2200157Ia 4500
003 OSt
005 20240220105027.0
008 170524s9999 xx 000 0 und d
020 _a 978-1259006463
040 _cIIMT UNIVERSITY MEERUT
100 _aBhargava NN
245 0 _aBasic Electronics and Linear Circuits
260 _bTMH
260 _c2006
942 _2ddc
_c02
999 _c5017
_d5017